Statistics for Libya First Level Subdivisions

Click here to take the quiz!

General Stats

  • This quiz has been taken 19 times
  • The average score is 7 of 22

Answer Stats

Sha'biyat% Correct
Tripoli
100%
Benghazi
100%
Misrata
40%
Murzuq
40%
Sirte
40%
Jufra
40%
Kufra
40%
Wadi al Shatii
20%
Wadi al Hayaa
20%
Sabha
20%
Nuqat al Khams
20%
Nalut
20%
Al Wahat
20%
Murqub
20%
Marj
20%
Jafara
20%
Jabal al Gharbi
20%
Jabal al Akhdar
20%
Ghat
20%
Derna
20%
Butnan
20%
Zawiya
20%

Score Distribution

Percentile by Number Answered

Percent of People with Each Score

Your Score History

You have not taken this quiz